[Event "BL 8687 Bayern-Solingen"]
[Site "?"]
[Date "1987.??.??"]
[Round "?.5"]
[White "Lau, R."]
[Black "Hertneck, G."]
[Result "1-0"]
[WhiteElo "2455"]
[BlackElo "2440"]
[PlyCount "45"]
[EventDate "1987.??.??"]

1. e4 e6 2. d4 d5 3. Nc3 Bb4 4. e5 Ne7 5. a3 Bxc3+ 6. bxc3 c5 7. Qg4 O-O 8. Nf3
f5 9. exf6 Rxf6 10. Bg5 Qa5 11. Bxf6 Qxc3+ 12. Ke2 Ng6 13. Rc1 gxf6 14. h4 Nc6
15. h5 e5 16. Qg3 e4 17. hxg6 exf3+ 18. Kd1 Bf5 19. Rxh7 Qxd4+ 20. Bd3 Ne5 21.
Rh4 Bg4 22. gxf3 Nxd3 23. Rh8+ 1-0

[Event "BL 8687 Bayern-Solingen"]
[Site "?"]
[Date "1987.??.??"]
[Round "?.6"]
[White "Hickl, J."]
[Black "Ostermeyer, P."]
[Result "0-1"]
[WhiteElo "2430"]
[BlackElo "2455"]
[PlyCount "64"]
[EventDate "1987.??.??"]

1. e4 c5 2. Nc3 Nc6 3. f4 g6 4. Nf3 Bg7 5. Bb5 Nd4 6. O-O Nxb5 7. Nxb5 Nf6 8.
e5 Nd5 9. d4 Nc7 10. a4 cxd4 11. Qxd4 d6 12. Qf2 O-O 13. Ra3 Nxb5 14. axb5 Bd7
15. exd6 exd6 16. Nd4 f5 17. Rd3 Re8 18. c4 Re4 19. b3 a6 20. Nf3 axb5 21. c5
d5 22. Rxd5 Qe7 23. Rdd1 Bc6 24. Rfe1 Rd8 25. Kf1 Rd5 26. Ng5 Rxe1+ 27. Rxe1
Qxc5 28. Be3 Qd6 29. Qh4 h6 30. Nf3 Rd1 31. Ne5 Bxe5 32. fxe5 Qd3+ 0-1

[Event "BL 8687 Bayern-Solingen"]
[Site "?"]
[Date "1987.??.??"]
[Round "?.7"]
[White "Brunner, L."]
[Black "Klundt, K."]
[Result "1-0"]
[WhiteElo "2395"]
[BlackElo "2375"]
[PlyCount "93"]
[EventDate "1987.??.??"]

1. Nf3 d6 2. d4 Bg4 3. e4 Nf6 4. Nc3 e6 5. h3 Bh5 6. Be2 Be7 7. Bg5 Nc6 8. Qd2
e5 9. dxe5 dxe5 10. Qxd8+ Rxd8 11. Bxf6 Bxf6 12. Nd5 Bxf3 13. Bxf3 Nd4 14. Bd1
c6 15. Nxf6+ gxf6 16. c3 Ne6 17. Bc2 Ke7 18. g3 h5 19. h4 Ng7 20. Ke2 f5 21.
exf5 Kf6 22. Rad1 Nxf5 23. Rxd8 Rxd8 24. Rd1 Rxd1 25. Bxd1 e4 26. Kd2 Ng7 27.
Ke3 Ke5 28. f4+ exf3 29. Bxf3 Nf5+ 30. Kf2 Ng7 31. b4 Kf5 32. Ke3 Ke5 33. Kf2
Kf5 34. a4 Ke5 35. a5 Kd6 36. Ke3 b6 37. axb6 axb6 38. Kf4 f6 39. g4 hxg4 40.
Kxg4 c5 41. h5 Nxh5 42. Kxh5 Ke5 43. bxc5 bxc5 44. c4 Kf4 45. Bd5 f5 46. Kg6
Ke5 47. Kg5 1-0

[Event "BL 8687 München 36-Bochum"]
[Site "?"]
[Date "1987.??.??"]
[Round "?.2"]
[White "Smejkal, J."]
[Black "Thesing, M."]
[Result "1-0"]
[WhiteElo "2540"]
[BlackElo "2290"]
[PlyCount "91"]
[EventDate "1987.??.??"]

1. c4 Nf6 2. Nf3 c6 3. g3 g6 4. Bg2 Bg7 5. d4 O-O 6. Nc3 d5 7. Qb3 Ne4 8. cxd5
Nxc3 9. dxc6 Be6 10. cxb7 Bxb3 11. bxa8=Q Bd5 12. Qxa7 Nc6 13. Qc5 Nxd4 14.
bxc3 Nc2+ 15. Kf1 Nxa1 16. Nd4 Bxa2 17. Bf3 Nb3 18. Nxb3 Bxb3 19. Kg2 Qd7 20.
Bg5 Be6 21. h4 f6 22. Bc6 Qd6 23. Qxd6 exd6 24. Be3 Rc8 25. Bf3 Rxc3 26. Rd1
Bf8 27. Bd4 Ra3 28. Bxf6 Kf7 29. Bg5 Ra7 30. h5 Rd7 31. Bc6 Rc7 32. Be4 Rc5 33.
hxg6+ hxg6 34. Bf4 d5 35. Bf3 Rb5 36. Ra1 Rb7 37. Ra6 Rd7 38. Be5 Be7 39. Bd4
Rc7 40. e3 Rb7 41. g4 Rc7 42. Kg3 Rb7 43. Kf4 Rd7 44. g5 Bd6+ 45. Be5 Be7 46.
Rxe6 1-0

[Event "BL 8687 München 36-Bochum"]
[Site "?"]
[Date "1987.??.??"]
[Round "?.3"]
[White "Sonntag, H."]
[Black "Nikolac, J."]
[Result "1/2-1/2"]
[WhiteElo "2295"]
[BlackElo "2435"]
[PlyCount "116"]
[EventDate "1987.??.??"]

1. d4 d5 2. Nf3 c6 3. c4 e6 4. e3 f5 5. Be2 Nd7 6. O-O Bd6 7. Qc2 Nh6 8. b3 Qe7
9. Bb2 Nf7 10. cxd5 cxd5 11. Nbd2 O-O 12. Rfc1 b6 13. Ne1 Bb7 14. Nd3 Ng5 15.
Nf3 Nxf3+ 16. Bxf3 Ba6 17. Be2 Rac8 18. Qd1 Nf6 19. Ne5 Bxe2 20. Qxe2 Qb7 21.
Qb5 a6 22. Qe2 b5 23. Nd3 Qe7 24. f3 Nd7 25. Rc2 Nb6 26. Rac1 Rxc2 27. Rxc2 Rc8
28. Rxc8+ Nxc8 29. Qc2 Na7 30. a4 Qb7 31. Nc5 Qc7 32. g3 bxa4 33. bxa4 Bxc5 34.
dxc5 Nc6 35. Qb3 Kf7 36. Qb6 Qc8 37. f4 h6 38. Be5 g5 39. Bd6 Kg6 40. Kf2 gxf4
41. gxf4 d4 42. exd4 Nxd4 43. Ke3 Nc6 44. Kf2 Kf7 45. Qb2 Kg6 46. h4 Qd8 47.
Kg3 Qg8 48. Qe2 Kf7+ 49. Kf2 Qg4 50. Qxg4 fxg4 51. h5 Nd4 52. Kg3 Nf5+ 53. Kxg4
Ke8 54. Kf3 Kd7 55. Ke4 Ng3+ 56. Kf3 Nxh5 57. Be5 Kc6 58. Kg4 Nxf4 1/2-1/2

[Event "BL 8687 München 36-Bochum"]
[Site "?"]
[Date "1987.??.??"]
[Round "?.4"]
[White "Bastian, H."]
[Black "Beckemeyer, W."]
[Result "0-1"]
[WhiteElo "2375"]
[BlackElo "2315"]
[PlyCount "88"]
[EventDate "1987.??.??"]

1. e4 g6 2. d4 Bg7 3. c3 d6 4. h3 Nf6 5. Bd3 O-O 6. Nf3 Nc6 7. O-O Re8 8. Bg5
h6 9. Be3 e5 10. Nbd2 Bd7 11. Re1 Nh5 12. Bc4 Qf6 13. dxe5 dxe5 14. Nh2 Nf4 15.
Qf3 h5 16. b4 Nd8 17. Nb3 Nde6 18. Bxe6 Bxe6 19. Nc5 b6 20. Nxe6 Qxe6 21. Nf1
a5 22. a3 Qb3 23. Reb1 Qxc3 24. Rc1 Qb2 25. bxa5 bxa5 26. Rab1 Qxa3 27. Rxc7
Re7 28. Rxe7 Qxe7 29. Bxf4 exf4 30. e5 Rd8 31. Qxf4 Qxe5 32. Qc4 Qd4 33. Qb5
Qd5 34. Qa4 Bc3 35. Ne3 Qd4 36. Qc6 Qf6 37. Qc4 Rd2 38. Rf1 Bd4 39. Nd5 Qe5 40.
Kh1 a4 41. Nb4 Qc5 42. Qxc5 Bxc5 43. Na6 Bd4 44. Rb1 a3 0-1

[Event "BL 8687 München 36-Bochum"]
[Site "?"]
[Date "1987.??.??"]
[Round "?.7"]
[White "Roeder, M."]
[Black "Pichler, J."]
[Result "0-1"]
[WhiteElo "2280"]
[BlackElo "2325"]
[PlyCount "66"]
[EventDate "1987.??.??"]

1. d4 Nf6 2. c4 c6 3. Nc3 d6 4. e4 e5 5. Nf3 Nbd7 6. Be2 Be7 7. O-O O-O 8. Re1
a6 9. Qc2 b5 10. a3 Bb7 11. h3 Re8 12. Be3 exd4 13. Nxd4 Bf8 14. Nf5 Nc5 15.
Bf3 Nfd7 16. Red1 Qc7 17. cxb5 axb5 18. Rac1 Qb8 19. b4 Ne6 20. Qb3 Ne5 21. Be2
Ba6 22. Rd2 c5 23. Nd5 c4 24. Qc3 Bb7 25. Nb6 Ra6 26. f4 Nxf4 27. Bxf4 Rxb6 28.
Qg3 Kh8 29. Rxd6 Rxd6 30. Bxe5 Rxe5 31. Qxe5 Rd1+ 32. Rxd1 Qxe5 33. Rd8 Kg8 0-1

[Event "BL 8687 München 36-Bochum"]
[Site "?"]
[Date "1987.??.??"]
[Round "?.8"]
[White "Goetz, R."]
[Black "Ueter, H."]
[Result "0-1"]
[WhiteElo "2320"]
[BlackElo "2270"]
[PlyCount "164"]
[EventDate "1987.??.??"]

1. Nf3 g6 2. e4 Bg7 3. d4 d6 4. c3 Nc6 5. Bb5 Bd7 6. O-O Nf6 7. Re1 O-O 8. a4
e5 9. dxe5 Nxe5 10. Nxe5 dxe5 11. Bc4 Bc6 12. Qxd8 Rfxd8 13. f3 Nd7 14. b4 Nb6
15. Bb3 Rd3 16. a5 Nc8 17. Bc4 Rd8 18. Bg5 Rd6 19. Na3 a6 20. Bf1 h6 21. Be3
Rd8 22. c4 Be8 23. Red1 Ne7 24. Rxd8 Rxd8 25. b5 Bf8 26. Nc2 Ra8 27. Bd2 Nc8
28. Be3 Kg7 29. Kf2 f5 30. Bd3 f4 31. Bd2 Bc5+ 32. Ke2 Nd6 33. Bc3 Kf6 34. bxa6
bxa6 35. Rb1 Bf7 36. Nb4 Nxc4 37. Nc6 Bd6 38. Rb8 Rxb8 39. Nxb8 c5 40. Nxa6 Ke7
41. Be1 Kd7 42. Bc2 Kc6 43. Ba4+ Kb7 44. Bb5 Na3 45. Nxc5+ Bxc5 46. Bd3 Bc4 47.
g3 Ka6 48. gxf4 exf4 49. h4 Be7 50. e5 Kb5 51. Bd2 Bxh4 52. Bxf4 h5 53. Ke3
Bxd3 54. Kxd3 Kxa5 55. Ke4 Nb5 56. Bd2+ Kb6 57. f4 Be7 58. f5 gxf5+ 59. Kxf5
Nd4+ 60. Ke4 Nc6 61. Bf4 Kc5 62. Kf5 Kd5 63. Kg6 h4 64. Kf5 Nd4+ 65. Kg4 Ke4
66. Bd2 Nf3 67. Bc3 Ke3 68. e6 Kf2 69. Kh3 Ng5+ 70. Kh2 Bd6+ 71. Kh1 Nxe6 72.
Be5 Be7 73. Bb8 Bg5 74. Bd6 Bf4 75. Bc7 Kf3 76. Bb6 Bg3 77. Ba5 Ng5 78. Bd8 Ne4
79. Bb6 Bd6 80. Ba7 Kg3 81. Bb6 Kh3 82. Ba7 Bh2 0-1

[Event "BL 8687 Solingen-München 36"]
[Site "?"]
[Date "1987.??.??"]
[Round "?.1"]
[White "Unzicker, W."]
[Black "Huebner, R."]
[Result "1/2-1/2"]
[WhiteElo "2470"]
[BlackElo "2620"]
[PlyCount "78"]
[EventDate "1987.??.??"]

1. e4 c5 2. Nf3 d6 3. d4 cxd4 4. Nxd4 Nf6 5. Nc3 a6 6. Be2 e5 7. Nb3 Be7 8. Bg5
Be6 9. Bxf6 Bxf6 10. O-O Nc6 11. Nd5 Bg5 12. Qd3 Ne7 13. Nxe7 Qxe7 14. Rfd1 Rd8
15. Bf3 O-O 16. Nd2 Qc7 17. c3 Rd7 18. Nf1 Qc5 19. Ne3 Bxe3 20. Qxe3 Qxe3 21.
fxe3 Rc8 22. Rd2 Kf8 23. Bd1 Ke7 24. Bb3 Bc4 25. Kf2 b5 26. Bd1 Rb7 27. Bg4 Rc5
28. b3 Be6 29. Bxe6 fxe6 30. Rad1 Rb6 31. Rd3 Rbc6 32. Rc1 a5 33. Ke2 d5 34.
Rcd1 Rxc3 35. exd5 Rxd3 36. dxc6 Rxd1 37. Kxd1 Kd6 38. e4 Kxc6 39. Kd2 Kc5
1/2-1/2

[Event "BL 8687 Solingen-München 36"]
[Site "?"]
[Date "1987.??.??"]
[Round "?.4"]
[White "Lobron, E."]
[Black "Bastian, H."]
[Result "1-0"]
[WhiteElo "2515"]
[BlackElo "2375"]
[PlyCount "87"]
[EventDate "1987.??.??"]

1. e4 e5 2. Nf3 Nc6 3. Bb5 Nf6 4. O-O Nxe4 5. d4 Be7 6. Qe2 Nd6 7. Bxc6 bxc6 8.
dxe5 Nb7 9. Re1 O-O 10. Nc3 Nc5 11. Be3 Ne6 12. Rad1 Rb8 13. b3 Bb4 14. Qd3 a5
15. Re2 f5 16. Na4 d5 17. exd6 Bxd6 18. Nc5 Qf6 19. Nxe6 Bxe6 20. Bd4 Qh6 21.
Qe3 Qxe3 22. Rxe3 Bd5 23. Ne5 Rbe8 24. f3 Re7 25. Nd3 Rxe3 26. Bxe3 a4 27. Bc5
axb3 28. axb3 Bf7 29. Bxd6 cxd6 30. Nb4 c5 31. Nc6 Re8 32. Rxd6 Kf8 33. Kf2 f4
34. Rd2 Bg6 35. Na5 Re3 36. c4 Rc3 37. Rb2 Bd3 38. Nb7 Rc1 39. g3 fxg3+ 40.
hxg3 Rc3 41. Nxc5 Ke7 42. Rd2 Bf5 43. g4 Bc8 44. Ra2 1-0

[Event "BL 8687 Solingen-München 36"]
[Site "?"]
[Date "1987.??.??"]
[Round "?.5"]
[White "Zysk, R."]
[Black "Lau, R."]
[Result "0-1"]
[WhiteElo "2405"]
[BlackElo "2455"]
[PlyCount "46"]
[EventDate "1987.??.??"]

1. e4 c5 2. Nf3 d6 3. Nc3 e6 4. Bb5+ Bd7 5. Bxd7+ Nxd7 6. d4 cxd4 7. Qxd4 Ngf6
8. O-O a6 9. Bg5 Be7 10. Rad1 Qc7 11. Bxf6 Nxf6 12. e5 dxe5 13. Qa4+ Kf8 14.
Rfe1 g6 15. Nxe5 Kg7 16. Rd3 Rad8 17. Rf3 Rhf8 18. Qf4 Qb6 19. Rh3 h5 20. Rc1
Rd4 21. Qg3 Rfd8 22. Qg5 Ng4 23. Qxe7 R4d7 0-1

[Event "BL 8687 Solingen-München 36"]
[Site "?"]
[Date "1987.??.??"]
[Round "?.6"]
[White "Ostermeyer, P."]
[Black "Kaiser, W."]
[Result "1-0"]
[WhiteElo "2455"]
[BlackElo "2335"]
[PlyCount "63"]
[EventDate "1987.??.??"]

1. e4 c5 2. c3 d5 3. exd5 Qxd5 4. d4 Nc6 5. Nf3 cxd4 6. cxd4 e5 7. Nc3 Bb4 8.
Bd2 Bxc3 9. Bxc3 e4 10. Ne5 Nh6 11. Bc4 Qd6 12. Qe2 Bf5 13. Rd1 Rd8 14. O-O O-O
15. h3 Nxe5 16. dxe5 Qg6 17. Rxd8 Rxd8 18. Rd1 Rc8 19. Rd6 Be6 20. Bd5 e3 21.
Bxb7 Rf8 22. fxe3 Nf5 23. Rd1 Ng3 24. Qf3 Bc4 25. Re1 Bxa2 26. Kh2 Nf5 27. Be4
Be6 28. Rf1 Nh4 29. Qf4 Qh5 30. g4 g5 31. gxh5 gxf4 32. Rxf4 1-0

[Event "BL 8687 Solingen-München 36"]
[Site "?"]
[Date "1987.??.??"]
[Round "?.7"]
[White "Pichler, J."]
[Black "Schneider, B1."]
[Result "1/2-1/2"]
[WhiteElo "2325"]
[BlackElo "2350"]
[PlyCount "60"]
[EventDate "1987.??.??"]

1. e4 g6 2. d4 Bg7 3. Nf3 c6 4. Nc3 d5 5. e5 Nh6 6. Bf4 f6 7. Qd2 Nf7 8. exf6
exf6 9. Qe3+ Qe7 10. Qxe7+ Kxe7 11. O-O-O Re8 12. Bd3 Be6 13. Rde1 Bh6 14. Ne2
Nd7 15. h4 Nf8 16. Nd2 Kd7 17. f3 Re7 18. Kd1 Rae8 19. Bxh6 Nxh6 20. Nf4 Bf5
21. Rxe7+ Rxe7 22. g4 Bxd3 23. Nxd3 Ne6 24. c3 Nf7 25. Nf1 b6 26. Kd2 Kd6 27.
Ne3 Kd7 28. b3 Re8 29. Rf1 Nd6 30. Ng2 Nf7 1/2-1/2

[Event "BL 8687 Solingen-München 36"]
[Site "?"]
[Date "1987.??.??"]
[Round "?.8"]
[White "Borngaesser, R."]
[Black "Goetz, R."]
[Result "1/2-1/2"]
[WhiteElo "2360"]
[BlackElo "2320"]
[PlyCount "44"]
[EventDate "1987.??.??"]

1. e4 c5 2. Nf3 e6 3. b3 a6 4. Bb2 d5 5. exd5 exd5 6. d4 Nf6 7. Be2 Nc6 8. O-O
Be7 9. dxc5 O-O 10. a3 Bxc5 11. b4 Ba7 12. Nbd2 Bf5 13. Nb3 Rc8 14. Bd3 Ne4 15.
Nbd4 Bg6 16. Nxc6 Rxc6 17. Bd4 Bxd4 18. Nxd4 Rc7 19. f3 Nc3 20. Qd2 Qf6 21. Nb3
Rd8 22. Rfe1 Bxd3 1/2-1/2

[Event "BL 8687 Bochum-Bayern"]
[Site "?"]
[Date "1987.??.??"]
[Round "?.2"]
[White "Thesing, M."]
[Black "Kindermann, S."]
[Result "0-1"]
[WhiteElo "2290"]
[BlackElo "2485"]
[PlyCount "92"]
[EventDate "1987.??.??"]

1. Nf3 Nf6 2. c4 g6 3. Nc3 Bg7 4. e4 d6 5. d4 O-O 6. h3 e5 7. dxe5 dxe5 8. Qxd8
Rxd8 9. Bg5 Nbd7 10. Rd1 Rf8 11. Nd5 c6 12. Nxf6+ Nxf6 13. Bd3 Be6 14. Be3 h6
15. Nxe5 Nxe4 16. Nf3 Nd6 17. b3 Nf5 18. Bf4 Rfd8 19. O-O a5 20. Bc2 a4 21.
Rxd8+ Rxd8 22. Rd1 Rxd1+ 23. Bxd1 g5 24. Bc1 Nd4 25. Nxd4 Bxd4 26. Ba3 c5 27.
Bg4 f5 28. Bf3 b6 29. Bc6 axb3 30. axb3 Kf7 31. Kf1 Kf6 32. Ke2 Ke5 33. Bc1 f4
34. h4 Bg4+ 35. f3 Bf5 36. hxg5 hxg5 37. Bd2 Bb2 38. g3 fxg3 39. Bxg5 Bd4 40.
f4+ Kd6 41. Bg2 Bc2 42. Bd5 Bxb3 43. Kf3 b5 44. Kxg3 Bc2 45. Bh6 b4 46. Bf8+
Kd7 0-1

[Event "BL 8687 Bochum-Bayern"]
[Site "?"]
[Date "1987.??.??"]
[Round "?.3"]
[White "Bischoff, K."]
[Black "Sonntag, H."]
[Result "1-0"]
[WhiteElo "2495"]
[BlackElo "2295"]
[PlyCount "55"]
[EventDate "1987.??.??"]

1. d4 Nf6 2. Nf3 e6 3. c4 d5 4. g3 dxc4 5. Bg2 c5 6. O-O Nc6 7. Qa4 Nd7 8. dxc5
Bxc5 9. Qxc4 O-O 10. Nc3 a6 11. Rd1 Qb6 12. Ne4 Be7 13. b3 Nf6 14. Bb2 Nxe4 15.
Qxe4 f6 16. Nd4 Nd8 17. Rac1 Nf7 18. Qc2 Re8 19. Nc6 Bf8 20. Bd4 Qb5 21. Na7
Qh5 22. Bf3 Qh3 23. Be3 Nd6 24. Qc7 Rxa7 25. Bxa7 Nb5 26. Qb8 e5 27. Bd5+ Kh8
28. Bf7 1-0

[Event "BL 8687 Bochum-Bayern"]
[Site "?"]
[Date "1987.??.??"]
[Round "?.4"]
[White "Beckemeyer, W."]
[Black "Hecht, H."]
[Result "1/2-1/2"]
[WhiteElo "2315"]
[BlackElo "2455"]
[PlyCount "51"]
[EventDate "1987.??.??"]

1. e4 e6 2. d4 d5 3. Nc3 Nc6 4. Bb5 Bb4 5. Nge2 Nf6 6. Bg5 h6 7. Bxf6 Qxf6 8.
O-O O-O 9. e5 Qd8 10. a3 Be7 11. f4 Bd7 12. Qd3 f5 13. g4 a6 14. Bxc6 Bxc6 15.
Ng3 Qd7 16. gxf5 exf5 17. Kh1 g6 18. Rg1 Kh7 19. Qe3 Qe6 20. Rg2 Rg8 21. Rag1
Raf8 22. Nb1 Ba4 23. Nc3 Be8 24. Nb1 Ba4 25. Nc3 Be8 26. Nb1 1/2-1/2

[Event "BL 8687 Bochum-Bayern"]
[Site "?"]
[Date "1987.??.??"]
[Round "?.5"]
[White "Hertneck, G."]
[Black "Backwinkel, P."]
[Result "0-1"]
[WhiteElo "2440"]
[BlackElo "2345"]
[PlyCount "56"]
[EventDate "1987.??.??"]

1. c4 e6 2. Nc3 d5 3. d4 c6 4. Nf3 dxc4 5. a4 Bb4 6. Bd2 a5 7. Qb1 Nd7 8. e4
Nb6 9. Be2 f5 10. O-O Nf6 11. Bg5 h6 12. Bxf6 Qxf6 13. Qa2 O-O 14. Bxc4 Nxc4
15. Qxc4 Bd7 16. Ne5 Be8 17. exf5 Qxf5 18. Rae1 b5 19. Qa2 Rd8 20. g4 Qf6 21.
Re4 bxa4 22. Nxa4 c5 23. f4 Rxd4 24. Rxd4 cxd4 25. Nb6 d3 26. Qc4 d2 27. Nd3
Qd8 28. Nc8 Bf7 0-1

[Event "BL 8687 Bochum-Bayern"]
[Site "?"]
[Date "1987.??.??"]
[Round "?.6"]
[White "Wiemer, R."]
[Black "Hickl, J."]
[Result "1/2-1/2"]
[WhiteElo "2325"]
[BlackElo "2430"]
[PlyCount "57"]
[EventDate "1987.??.??"]

1. c4 Nf6 2. Nc3 d6 3. g3 e5 4. Bg2 c6 5. d4 Be7 6. e3 Be6 7. d5 Bg4 8. Nge2
O-O 9. h3 Bd7 10. O-O cxd5 11. cxd5 Na6 12. e4 Ne8 13. Be3 Nec7 14. Qd2 Nb5 15.
Nb1 Nc5 16. b4 Na4 17. Qc2 Nc7 18. Nbc3 Nxc3 19. Nxc3 Bg5 20. Qd2 Bxe3 21. Qxe3
Nb5 22. Nxb5 Bxb5 23. Rfc1 Qd7 24. Rc3 b6 25. Rac1 Rac8 26. g4 a6 27. a3 Qb7
28. Bf1 Bd7 29. Kh2 1/2-1/2

[Event "BL 8687 Bochum-Bayern"]
[Site "?"]
[Date "1987.??.??"]
[Round "?.7"]
[White "Klundt, K."]
[Black "Roeder, M."]
[Result "1/2-1/2"]
[WhiteElo "2375"]
[BlackElo "2280"]
[PlyCount "75"]
[EventDate "1987.??.??"]

1. e4 c5 2. Nf3 d6 3. d4 cxd4 4. Nxd4 Nf6 5. Nc3 a6 6. f4 e6 7. Be2 Be7 8. O-O
O-O 9. Kh1 Nc6 10. Be3 Bd7 11. Nb3 b5 12. Bf3 Qc7 13. Qd2 Rfc8 14. Rad1 Be8 15.
Qf2 Rab8 16. Rd2 Nd7 17. Nd4 Nb6 18. b3 b4 19. Nce2 e5 20. Nf5 Bf8 21. Rfd1
exf4 22. Nxf4 Ne5 23. Be2 Bc6 24. Nd3 Nbd7 25. Nxe5 Nxe5 26. Qf4 Ng6 27. Qg4
Re8 28. Rd4 Bb5 29. Bxb5 Rxb5 30. R1d2 Rc5 31. Qe2 d5 32. h3 Ra5 33. Qf3 Qb7
34. Ng3 h5 35. Bf2 h4 36. Nf5 Rxe4 37. Nxh4 Nxh4 38. Bxh4 1/2-1/2

[Event "BL 8687 Solingen-HSK"]
[Site "?"]
[Date "1987.??.??"]
[Round "?.2"]
[White "Spassky, B."]
[Black "Chandler, M."]
[Result "1/2-1/2"]
[WhiteElo "2620"]
[BlackElo "2565"]
[PlyCount "114"]
[EventDate "1987.??.??"]

1. e4 c5 2. Nc3 Nc6 3. g3 g6 4. Bg2 Bg7 5. d3 d6 6. Nge2 e6 7. O-O Nge7 8. Rb1
O-O 9. Be3 Nd4 10. b4 b6 11. e5 Nd5 12. exd6 Nxe2+ 13. Nxe2 cxb4 14. Bd2 a5 15.
a3 Ra7 16. axb4 Nxb4 17. Bxb4 axb4 18. Qd2 Qxd6 19. Rxb4 Bd7 20. Rfb1 b5 21.
Nc3 Bxc3 22. Qxc3 Rc8 23. Qb3 Ra4 24. c4 bxc4 25. dxc4 Rxb4 26. Qxb4 Qxb4 27.
Rxb4 Kg7 28. f4 Kf6 29. Kf2 e5 30. fxe5+ Kxe5 31. Ke3 g5 32. Rb7 Bc6 33. Bxc6
Rxc6 34. Rb5+ Ke6 35. Kd4 f5 36. g4 Rd6+ 37. Kc3 fxg4 38. Rxg5 Ra6 39. Kb4 Ra2
40. Rh5 Ra7 41. c5 Rf7 42. Kb5 Kd7 43. Rg5 Rf2 44. Rg7+ Kc8 45. Rxh7 Rf6 46.
Rh4 Rf2 47. Kb6 Rb2+ 48. Kc6 Kb8 49. Rh8+ Ka7 50. Kd6 Rd2+ 51. Kc7 Rf2 52. Rh7
Rf8 53. c6 Rg8 54. Re7 g3 55. Kd6+ Kb6 56. hxg3 Rxg3 57. Rb7+ Ka6 1/2-1/2

[Event "BL 8687 Solingen-HSK"]
[Site "?"]
[Date "1987.??.??"]
[Round "?.3"]
[White "Stein, B."]
[Black "Lobron, E."]
[Result "0-1"]
[WhiteElo "2405"]
[BlackElo "2515"]
[PlyCount "101"]
[EventDate "1987.??.??"]

1. e4 c5 2. Nf3 d6 3. Nc3 Nc6 4. Bb5 Bd7 5. O-O Nf6 6. d4 cxd4 7. Nxd4 e6 8. a4
Be7 9. Kh1 Qc7 10. Be2 a6 11. f4 O-O 12. Bf3 Rac8 13. Nb3 Nb4 14. Be3 b6 15.
Qd2 e5 16. a5 b5 17. Rfe1 Rfe8 18. h3 Qb7 19. Rac1 Be6 20. fxe5 dxe5 21. Bb6 h6
22. Red1 Bc4 23. Qf2 Qc6 24. Nd2 Be6 25. Nf1 Bc5 26. Bxc5 Qxc5 27. Qxc5 Rxc5
28. Ne3 Nc6 29. Rd6 b4 30. Ncd5 Bxd5 31. exd5 Nxa5 32. Rxa6 e4 33. Rxf6 gxf6
34. Be2 Nb7 35. Rf1 Kg7 36. Nf5+ Kf8 37. Ne3 Ke7 38. Nf5+ Kf8 39. Ne3 Nd6 40.
Rxf6 Ke7 41. Rxh6 Ra8 42. Kg1 Ra2 43. Rh8 Rxb2 44. Rb8 Rbxc2 45. Nxc2 Rxc2 46.
Kf2 Rb2 47. g4 f5 48. Ke3 f4+ 49. Kxf4 Rxe2 50. Rxb4 Rf2+ 51. Kg3 0-1

[Event "BL 8687 Solingen-HSK"]
[Site "?"]
[Date "1987.??.??"]
[Round "?.4"]
[White "Lau, R."]
[Black "Wahls, M."]
[Result "1-0"]
[WhiteElo "2455"]
[BlackElo "2460"]
[PlyCount "61"]
[EventDate "1987.??.??"]

1. e4 e5 2. Nf3 d6 3. Bc4 Be7 4. O-O Nf6 5. d3 O-O 6. c3 Nbd7 7. Re1 Nc5 8. Be3
Ne6 9. h3 c6 10. Bb3 Qc7 11. Nbd2 d5 12. exd5 Nxd5 13. Nc4 f6 14. Bd2 Rd8 15.
d4 exd4 16. cxd4 Kh8 17. Qc2 Bb4 18. Ne3 Nxe3 19. Rxe3 Bxd2 20. Qxd2 Nf8 21.
Rae1 Bd7 22. d5 cxd5 23. Qxd5 Be6 24. Qh5 Bxb3 25. axb3 Ng6 26. Nh4 Ne5 27. f4
g6 28. Qh6 Nf7 29. Nxg6+ Kg8 30. Ne7+ Qxe7 31. Rg3+ 1-0

[Event "BL 8687 Solingen-HSK"]
[Site "?"]
[Date "1987.??.??"]
[Round "?.5"]
[White "Schulte, O."]
[Black "Ostermeyer, P."]
[Result "1/2-1/2"]
[WhiteElo "2325"]
[BlackElo "2455"]
[PlyCount "63"]
[EventDate "1987.??.??"]

1. d4 Nf6 2. c4 e6 3. Nf3 Bb4+ 4. Nbd2 b6 5. a3 Bxd2+ 6. Bxd2 Bb7 7. Bg5 h6 8.
Bh4 d6 9. e3 g5 10. Bg3 Ne4 11. d5 Qf6 12. Qc2 Nxg3 13. hxg3 Nd7 14. Rd1 a5 15.
b3 Ke7 16. Be2 h5 17. Nd4 g4 18. b4 axb4 19. axb4 Qe5 20. Nb5 Nf6 21. c5 Nxd5
22. Nxc7 dxc5 23. Nxa8 Nxb4 24. Qd2 Bxg2 25. Nxb6 Bxh1 26. Nd7 Qc7 27. Qc3 Rd8
28. Qf6+ Ke8 29. Qh8+ Ke7 30. Qf6+ Ke8 31. Bb5 Bc6 32. Qh8+ 1/2-1/2

[Event "BL 8687 Solingen-HSK"]
[Site "?"]
[Date "1987.??.??"]
[Round "?.7"]
[White "Reefschlaeger, H."]
[Black "Brunner, L."]
[Result "1/2-1/2"]
[WhiteElo "2375"]
[BlackElo "2395"]
[PlyCount "100"]
[EventDate "1987.??.??"]

1. d4 Nf6 2. c4 e6 3. g3 c5 4. d5 exd5 5. cxd5 d6 6. Nc3 g6 7. Bg2 Bg7 8. Nf3
O-O 9. O-O Nbd7 10. Nd2 a6 11. a4 Re8 12. Nc4 Nb6 13. Na3 Bd7 14. h3 Rb8 15. e4
Nc8 16. Qd3 Qc7 17. Bd2 b5 18. axb5 c4 19. Qxc4 Qxc4 20. Nxc4 axb5 21. Na5 b4
22. Na2 Nxe4 23. Bxb4 Bxb2 24. Rab1 Bg7 25. Nc6 Rb5 26. Rfd1 Nb6 27. Bxe4 Rxe4
28. Bxd6 Rxb1 29. Rxb1 Nxd5 30. Rb8+ Re8 31. Rxe8+ Bxe8 32. Ne7+ Nxe7 33. Bxe7
Bc6 34. Bc5 Bd5 35. Nb4 Be4 36. Kf1 g5 37. Ke2 Bg2 38. h4 gxh4 39. gxh4 Bf6 40.
h5 Kg7 41. Be3 Be7 42. Nd3 Bc6 43. Ne5 Be8 44. Ng4 f5 45. h6+ Kg6 46. Ne5+ Kh5
47. Kf3 Bd6 48. Bf4 Bb5 49. Kg3 Be7 50. Kf3 Ba6 1/2-1/2

[Event "BL 8687 Solingen-HSK"]
[Site "?"]
[Date "1987.??.??"]
[Round "?.8"]
[White "Dueball, J."]
[Black "Gruenberg, Ra"]
[Result "1-0"]
[WhiteElo "2445"]
[BlackElo "2255"]
[PlyCount "89"]
[EventDate "1987.??.??"]

1. e4 c5 2. Nf3 Nc6 3. d4 cxd4 4. Nxd4 g6 5. Nc3 Bg7 6. Nde2 d6 7. g3 Bg4 8.
Bg2 Nd4 9. Qd3 Nxe2 10. Nxe2 Nf6 11. h3 Bxe2 12. Qxe2 Nd7 13. O-O Qc7 14. c3
O-O 15. Bg5 Nc5 16. Rad1 a5 17. h4 a4 18. a3 Ra5 19. Rfe1 Qd7 20. Rd5 Nb3 21.
Red1 h6 22. Be3 Rfa8 23. h5 g5 24. Kh2 Rxd5 25. Rxd5 Ra5 26. Rxa5 Nxa5 27. Bf1
Nb3 28. Qb5 Qxb5 29. Bxb5 Nc5 30. f3 e6 31. Kg2 Kf8 32. Kf2 Ke7 33. Ke2 Kd8 34.
Bd4 Be5 35. Bf2 Ke7 36. Ke3 Bf6 37. f4 Kf8 38. Kf3 Be7 39. Be3 g4+ 40. Kxg4
Nxe4 41. Kf3 Nc5 42. g4 Kg7 43. g5 hxg5 44. fxg5 f5 45. gxf6+ 1-0

[Event "BL 8687 Bochum-HSG"]
[Site "?"]
[Date "1987.??.??"]
[Round "?.1"]
[White "Heyken, E."]
[Black "Thesing, M."]
[Result "1/2-1/2"]
[WhiteElo "2355"]
[BlackElo "2290"]
[PlyCount "37"]
[EventDate "1987.??.??"]

1. c4 e6 2. Nf3 Nf6 3. g3 d5 4. b3 a5 5. Nc3 d4 6. Nb5 Bc5 7. Ba3 Bxa3 8. Nxa3
e5 9. Nc2 Nc6 10. d3 O-O 11. Bg2 Re8 12. O-O Qd6 13. a3 h6 14. Rb1 e4 15. dxe4
Nxe4 16. Ncxd4 Qxa3 17. Nxc6 bxc6 18. Qc2 Qc5 19. Rbd1 1/2-1/2

[Event "BL 8687 Bochum-HSG"]
[Site "?"]
[Date "1987.??.??"]
[Round "?.2"]
[White "Beckemeyer, W."]
[Black "Rostalski, W."]
[Result "1/2-1/2"]
[WhiteElo "2315"]
[BlackElo "2265"]
[PlyCount "105"]
[EventDate "1987.??.??"]

1. e4 g6 2. d4 Bg7 3. Nc3 d6 4. Nf3 Nf6 5. h3 O-O 6. Be3 c6 7. a4 a5 8. Be2 Na6
9. O-O Nb4 10. Nd2 d5 11. e5 Ne8 12. f4 f5 13. Ncb1 Nc7 14. Nf3 Ne6 15. c3 Na6
16. Qb3 Nac7 17. Nbd2 Rb8 18. Qa3 b6 19. b4 Ba6 20. Bxa6 Nxa6 21. Rab1 Qd7 22.
Nb3 axb4 23. cxb4 Rfc8 24. Rfc1 Bh6 25. g3 Bf8 26. Rc2 Nd8 27. Ne1 Ra8 28. Nd3
e6 29. Bd2 Nc7 30. a5 Nb5 31. Qb2 Rcb8 32. Ra1 bxa5 33. Nxa5 Ra6 34. Nb3 Rxa1+
35. Qxa1 Qc7 36. Ndc5 Qc8 37. Ra2 Nb7 38. Nd3 Nd8 39. Kf2 Qc7 40. Ke3 Rb7 41.
Ndc5 Ra7 42. Ra6 Rxa6 43. Qxa6 Be7 44. Na5 Kf7 45. Ncb7 Nxb7 46. Nxb7 g5 47.
Qa8 gxf4+ 48. gxf4 Na3 49. Bc3 Nb5 50. Be1 Qb6 51. Nc5 Bxc5 52. dxc5 Qa7 53.
Qxc6 1/2-1/2